Microelectronic circuits and devices / (Record no. 8540)
[ view plain ]
| 000 -LEADER | |
|---|---|
| fixed length control field | 00628nam a22002057a 4500 |
| 001 - CONTROL NUMBER | |
| control field | 22582 |
| 003 - CONTROL NUMBER IDENTIFIER | |
| control field | BD-DhUAP |
| 005 - DATE AND TIME OF LATEST TRANSACTION | |
| control field | 20250212121406.0 |
| 008 - FIXED-LENGTH DATA ELEMENTS--GENERAL INFORMATION | |
| fixed length control field | 250212b20212023ii a|||| |||| 001 0ceng d |
| 020 ## - INTERNATIONAL STANDARD BOOK NUMBER | |
| International Standard Book Number | 9789354601637 |
| 040 ## - CATALOGING SOURCE | |
| Original cataloging agency | DLC |
| Language of cataloging | english |
| Transcribing agency | BD-DhUAP |
| Modifying agency | BD-DhUAP |
| 082 ## - DEWEY DECIMAL CLASSIFICATION NUMBER | |
| Edition number | 23 |
| Classification number | 621.381 NEA |
| 100 ## - MAIN ENTRY--PERSONAL NAME | |
| Personal name | Neaman Donalld D. |
| 245 ## - TITLE STATEMENT | |
| Title | Microelectronic circuits and devices / |
| Remainder of title | Neaman Donalld D. |
| 250 ## - EDITION STATEMENT | |
| Edition statement | 4th ed. |
| 260 ## - PUBLICATION, DISTRIBUTION, ETC. | |
| Place of publication, distribution, etc. | India |
| Name of publisher, distributor, etc. | McGraw Hill Education Private Limited |
| Date of publication, distribution, etc. | 2023. |
| 300 ## - PHYSICAL DESCRIPTION | |
| Extent | xxi, 1370pages : |
| Dimensions | 27 cm. |
| 504 ## - BIBLIOGRAPHY, ETC. NOTE | |
| Bibliography, etc. note | Includes bibliographical references (p. 1359-1370) and index. |
| 942 ## - ADDED ENTRY ELEMENTS (KOHA) | |
| Source of classification or shelving scheme | |
| Koha item type | Book |
| Withdrawn status | Lost status | Source of classification or shelving scheme | Damaged status | Not for loan | Permanent Location | Current Location | Shelving location | Date acquired | Total Checkouts | Total Renewals | Full call number | Barcode | Date last seen | Date last checked out | Copy number | Price effective from | Koha item type |
|---|---|---|---|---|---|---|---|---|---|---|---|---|---|---|---|---|---|
| UAP Central Library | UAP Central Library | General Stacks | 2025-02-12 | 1 | 1 | 621.381 NEA | 3010022582 | 2025-09-09 | 2025-08-02 | 1 | 2025-02-12 | Book | |||||
| UAP Central Library | UAP Central Library | General Stacks | 2025-02-12 | 621.381 NEA | 3010022583 | 2025-02-12 | 2 | 2025-02-12 | Book | ||||||||
| UAP Central Library | UAP Central Library | General Stacks | 2025-02-12 | 1 | 621.381 NEA | 3010022584 | 2025-08-03 | 2025-07-20 | 3 | 2025-02-12 | Book | ||||||
| UAP Central Library | UAP Central Library | General Stacks | 2025-02-12 | 621.381 NEA | 3010022585 | 2025-02-12 | 4 | 2025-02-12 | Book | ||||||||
| UAP Central Library | UAP Central Library | General Stacks | 2025-02-12 | 1 | 621.381 NEA | 3010022586 | 2025-08-28 | 2025-08-04 | 5 | 2025-02-12 | Book | ||||||
| UAP Central Library | UAP Central Library | General Stacks | 2025-02-12 | 621.381 NEA | 3010022587 | 2025-02-12 | 6 | 2025-02-12 | Book | ||||||||
| UAP Central Library | UAP Central Library | General Stacks | 2025-02-12 | 621.381 NEA | 3010022588 | 2025-02-12 | 7 | 2025-02-12 | Book | ||||||||
| UAP Central Library | UAP Central Library | General Stacks | 2025-02-12 | 621.381 NEA | 3010022589 | 2025-02-12 | 8 | 2025-02-12 | Book | ||||||||
| UAP Central Library | UAP Central Library | General Stacks | 2025-02-12 | 621.381 NEA | 3010022590 | 2025-02-12 | 9 | 2025-02-12 | Book | ||||||||
| UAP Central Library | UAP Central Library | General Stacks | 2025-02-12 | 1 | 621.381 NEA | 3010022591 | 2025-10-08 | 2025-08-23 | 10 | 2025-02-12 | Book |
Bengali Keyboard